|
|
|
|
| LEADER |
01197nam a2200337 a 4500 |
| 001 |
28598 |
| 003 |
BD-DhAAL |
| 005 |
20141119102509.0 |
| 008 |
141119s2003 xxu 000 1 eng |
| 010 |
|
|
|a 2003043106
|
| 020 |
|
|
|a 9780747594888
|
| 020 |
|
|
|a 1573222453 (acidfree paper)
|
| 040 |
|
|
|a DLC
|c DLC
|d DLC
|d BD-DhAAL
|
| 043 |
|
|
|a a-af---
|
| 050 |
0 |
0 |
|a PS3608.O832
|b K58 2003
|
| 082 |
0 |
0 |
|a 813/.6
|2 21
|
| 100 |
1 |
|
|a Hosseini, Khaled.
|9 6079
|
| 245 |
1 |
4 |
|a The kite runner /
|c Khaled Hosseini.
|
| 260 |
|
|
|a London :
|b Bloomsbury Publishing,
|c 2003.
|
| 300 |
|
|
|a 324 p. ;
|c 24 cm.
|
| 541 |
|
|
|e 28598
|
| 650 |
|
0 |
|a Male friendship
|v Fiction.
|9 6081
|
| 650 |
|
0 |
|a Social classes
|v Fiction.
|9 5629
|
| 650 |
|
0 |
|a Betrayal
|v Fiction.
|9 6082
|
| 650 |
|
0 |
|a Boys
|v Fiction.
|9 5640
|
| 651 |
|
0 |
|a Kabul (Afghanistan)
|v Fiction.
|9 6083
|
| 651 |
|
0 |
|a Afghanistan
|v Fiction.
|9 6080
|
| 655 |
|
7 |
|a Bildungsromans.
|2 gsafd
|9 5695
|
| 942 |
|
|
|2 ddc
|c BK
|
| 999 |
|
|
|c 33083
|d 33083
|
| 952 |
|
|
|0 0
|1 0
|2 ddc
|4 0
|6 813_600000000000000_HOS
|7 0
|9 44110
|a BRACUL
|b BRACUL
|c GEN
|d 2014-11-19
|e BRAC Institute of Language (BIL)
|l 5
|m 50
|o 813.6 HOS
|p 3010028598
|r 2023-10-25
|s 2023-10-19
|t 1
|w 2014-11-19
|y BK
|x Transferred from BIL to BRACUL on 06/06/22
|